[Event "ICS rated standard match"]
[Site "204.178.125.65"]
[Date "2000.04.16"]
[Round "?"]
[White "no-good"]
[Black "Hossa"]
[Result "0-1"]
[WhiteElo "1957"]
[BlackElo "2348"]
[PlyCount "82"]
[EventDate "2000.??.??"]

1. f4 d5 2. Nf3 Nf6 3. e3 Bg4 4. Be2 e6 5. Ne5 Bxe2 6. Qxe2 Nbd7 7. O-O h5 8.
d4 h4 9. Nd2 h3 10. g3 Be7 11. c3 c5 12. Qf3 Bd6 13. g4 Nb6 14. g5 Nfd7 15. Kh1
cxd4 16. exd4 Bxe5 17. fxe5 Qe7 18. b4 Rc8 19. Nb3 Nc4 20. Nc5 Nxc5 21. bxc5 b6
22. cxb6 axb6 23. a4 Ra8 24. Bf4 Ra6 25. Qg4 Ra7 26. g6 fxg6 27. Qxg6+ Qf7 28.
Qxf7+ Rxf7 29. Bg5 Rxf1+ 30. Rxf1 Nb2 31. Ra1 Rf8 32. Kg1 Rf3 33. a5 bxa5 34.
Rxa5 Nd1 35. Ra8+ Kf7 36. Ra7+ Kg8 37. Bd2 Rf2 38. Be1 Rg2+ 39. Kh1 Re2 40. Bg3
Nxc3 41. Re7 Rb2 {no-good resigns} 0-1

[Event "ICS rated standard match"]
[Site "204.178.125.65"]
[Date "2000.04.16"]
[Round "?"]
[White "Hossa"]
[Black "no-good"]
[Result "1-0"]
[WhiteElo "2351"]
[BlackElo "1954"]
[PlyCount "26"]
[EventDate "2000.??.??"]

1. e4 e5 2. Nf3 Nc6 3. Nc3 Nf6 4. Nxe5 Nxe5 5. d4 Nc6 6. d5 Ne5 7. f4 Neg4 8.
e5 Bc5 9. exf6 Bf2+ 10. Kd2 Nxf6 11. Qe2+ Qe7 12. Qxf2 d6 13. Bb5+ c6 {
no-good resigns} 1-0

[Event "ICS rated blitz match"]
[Site "204.178.125.65"]
[Date "2000.04.16"]
[Round "?"]
[White "QueenMaxima"]
[Black "Hossa"]
[Result "1-0"]
[WhiteElo "2446"]
[BlackElo "2491"]
[PlyCount "117"]
[EventDate "2000.??.??"]

1. d4 Nf6 2. c4 d6 3. Nc3 e5 4. Nf3 Nbd7 5. g3 exd4 6. Qxd4 Be7 7. Bg2 Nc5 8.
O-O O-O 9. Be3 Ng4 10. Bd2 Bf6 11. Qf4 Re8 12. h3 Ne5 13. Nxe5 Rxe5 14. Rfd1
Rf5 15. Qe3 Kh8 16. b4 Re5 17. Qf3 Ne6 18. a3 Nd4 19. Qd3 Re8 20. Rab1 c6 21.
e4 Kg8 22. Be3 Ne6 23. Na4 Be7 24. c5 dxc5 25. Qxd8 Bxd8 26. Nxc5 Nf8 27. Rd2
Bb6 28. Rbd1 a5 29. Bf4 axb4 30. axb4 Ra3 31. Be3 Ng6 32. Bd4 Bc7 33. Be3 b6
34. Nd7 Ra6 35. Bf1 b5 36. Bg2 Bxd7 37. Rxd7 Bb6 38. Bxb6 Rxb6 39. Ra7 Ne5 40.
f4 Nc4 41. e5 g5 42. Rdd7 gxf4 43. gxf4 Rf8 44. e6 Kg7 45. Rxf7+ Rxf7 46. Rxf7+
Kg8 47. Rd7 Kf8 48. f5 c5 49. bxc5 Ra6 50. c6 Nb6 51. f6 Nxd7 52. cxd7 Rxe6 53.
d8=Q+ Kf7 54. Bd5 b4 55. Qe7+ Kg6 56. Qxe6 Kg5 57. f7 h6 58. f8=Q Kh4 59. Qg4#
{Hossa checkmated} 1-0

[Event "ICS Rated standard match"]
[Site "204.178.125.65"]
[Date "2000.04.16"]
[Round "?"]
[White "Hossa"]
[Black "chuda"]
[Result "1/2-1/2"]
[WhiteElo "2354"]
[BlackElo "2008"]
[PlyCount "140"]
[EventDate "2000.??.??"]

1. d4 Nf6 2. e3 g6 3. Nf3 Bg7 4. b3 O-O 5. c4 d6 6. Nc3 c5 7. Be2 Nc6 8. O-O
Bf5 9. Bb2 Qc7 10. d5 Nb4 11. a3 Na6 12. Nh4 Bd7 13. Qd2 Nb8 14. Rad1 a6 15.
Qc2 Bg4 16. Bxg4 Nxg4 17. Qe2 Nf6 18. Nf3 Nbd7 19. g3 Rab8 20. Rd2 b5 21. cxb5
axb5 22. Rb1 Qa5 23. Ra1 b4 24. Nb1 Rfc8 25. Rd1 Qc7 26. a4 c4 27. bxc4 Qxc4
28. Qxc4 Rxc4 29. Nbd2 Rc7 30. Nb3 Nc5 31. Rac1 Rcc8 32. Bxf6 Bxf6 33. Nxc5
dxc5 34. Rc4 b3 35. Rb1 b2 36. Nd2 Bg7 37. Kf1 Rc7 38. Ne4 f5 39. Ng5 Rb4 40.
Rc2 c4 41. Ne6 Rcb7 42. Nxg7 Kxg7 43. a5 c3 44. Rxc3 Ra4 45. Rd3 Rxa5 46. Ke2
Ra1 47. Rdd1 Ra3 48. Rd3 Ra5 49. Rd2 Rab5 50. Rc2 Kf6 51. Rc6+ Kf7 52. Rc2 R7b6
53. Rc6 Rb8 54. d6 exd6 55. Rxd6 Ke7 56. Rc6 Kd7 57. Rc2 Kd6 58. f3 Rb3 59.
Rd1+ Ke6 60. Rb1 Ke5 61. h4 R8b4 62. Rc5+ Kd6 63. Rc2 Rb6 64. g4 fxg4 65. fxg4
R6b4 66. Kf3 Rb5 67. Ke2 R3b4 68. Kf3 Rb3 69. Ke2 R3b4 70. Kf3 Rb3 1/2-1/2

[Event "ICS rated standard match"]
[Site "204.178.125.65"]
[Date "2000.04.16"]
[Round "?"]
[White "chuda"]
[Black "Hossa"]
[Result "1-0"]
[WhiteElo "2020"]
[BlackElo "2342"]
[PlyCount "79"]
[EventDate "2000.??.??"]

1. e4 d5 2. exd5 Qxd5 3. Nc3 Qe6+ 4. Be2 Qg6 5. Nf3 Qxg2 6. Rg1 Qh3 7. d4 Nf6
8. Bf4 Qd7 9. Qd2 Qd8 10. O-O-O c6 11. d5 cxd5 12. Bb5+ Nc6 13. Ne5 Bd7 14.
Nxd5 Ne4 15. Qe3 Nd6 16. Nxd7 Qxd7 17. Bxd6 Qxd6 18. Nb6 Qxh2 19. Nxa8 f6 20.
f4 g6 21. Nc7+ Kf7 22. Qe6+ Kg7 23. Ne8+ Kh6 24. Rh1 Qh5 25. Rxh5+ gxh5 26.
Nxf6 Rg8 27. Ng4+ Kg7 28. Nh6 Ne5 29. Rg1+ Ng6 30. Nf5+ Kh8 31. Bc4 Rg7 32.
Nxg7 Kxg7 33. f5 h4 34. Rxg6+ hxg6 35. Qxg6+ Kh8 36. f6 e6 37. Bd3 Bh6+ 38. Kd1
Be3 39. f7 Bc5 40. Qh7# {Hossa checkmated} 1-0

[Event "ICS rated blitz match"]
[Site "204.178.125.65"]
[Date "2000.04.16"]
[Round "?"]
[White "Hossa"]
[Black "QueenMaxima"]
[Result "0-1"]
[WhiteElo "2473"]
[BlackElo "2445"]
[PlyCount "142"]
[EventDate "2000.??.??"]

1. e4 c5 2. Nf3 e6 3. d4 cxd4 4. Nxd4 Nf6 5. Nc3 d6 6. Be2 a6 7. O-O Be7 8. f4
O-O 9. Be3 Qc7 10. Qd2 Nc6 11. Rad1 Na5 12. f5 Nc4 13. Bxc4 Qxc4 14. Bg5 Bd7
15. a3 b6 16. g3 Qc5 17. Qf2 Rfe8 18. fxe6 fxe6 19. Be3 Qc8 20. Nf3 Rf8 21. Bg5
Qb7 22. Qe2 Rad8 23. Rf2 Be8 24. Bxf6 Bxf6 25. e5 dxe5 26. Rxd8 Bxd8 27. Nxe5
Rxf2 28. Qxf2 Be7 29. Nd3 Bf6 30. Ne2 Bb5 31. Qe3 Bd7 32. Qf4 Qc6 33. Nd4 Qc4
34. Qb8+ Bc8 35. Ne2 Qxc2 36. Nc3 Qxd3 37. Qxc8+ Kf7 38. a4 Be7 39. Kg2 Qc2+
40. Kh3 Qxb2 41. Qc4 Qb4 42. Qf4+ Qxf4 43. gxf4 e5 44. fxe5 Ke6 45. Kg3 Kxe5
46. Ne2 Kd5 47. Nf4+ Kc4 48. Ne6 g6 49. Kf3 a5 50. Nf4 Kb3 51. Nd5 Bd8 52. Ke2
Kxa4 53. Kd3 b5 54. Kd4 b4 55. Kc4 Ka3 56. Ne3 b3 57. Nd1 Bf6 58. Kb5 a4 59.
Ne3 b2 60. Nc4+ Kb3 61. h4 a3 62. Kc5 Bc3 63. Nxa3 Bb4+ 64. Kc6 Bxa3 65. Kd5
b1=Q 66. Kd4 Bb2+ 67. Ke3 Qf1 68. h5 Kc4 69. Kd2 Qf2+ 70. Kd1 Kc3 71. hxg6 Qd2#
{Hossa checkmated} 0-1

[Event "ICS rated blitz match"]
[Site "204.178.125.65"]
[Date "2000.04.16"]
[Round "?"]
[White "Amateur"]
[Black "Hossa"]
[Result "1-0"]
[WhiteElo "2594"]
[BlackElo "2456"]
[PlyCount "143"]
[EventDate "2000.??.??"]

1. c4 e5 2. Nc3 Nf6 3. Nf3 Nc6 4. g3 Bb4 5. Bg2 O-O 6. O-O e4 7. Ng5 Bxc3 8.
dxc3 Re8 9. Qc2 Qe7 10. Bf4 d6 11. Qb3 h6 12. Nh3 Bg4 13. f3 exf3 14. exf3 Bd7
15. Qxb7 Reb8 16. Qa6 Rxb2 17. Rae1 Bxh3 18. Bxh3 Ne5 19. Bg2 c5 20. Bxh6 Rb6
21. Qa3 Qf8 22. Bg5 Nxc4 23. Qa4 d5 24. f4 Qd8 25. Qd1 Rd6 26. Qe2 Nb6 27. f5
Qc8 28. Rf4 Qc6 29. Qf2 Qc7 30. Rh4 Rc6 31. c4 Qd7 32. cxd5 Nfxd5 33. f6 g6 34.
Rhe4 Rd8 35. Re7 Nxe7 36. fxe7 Re8 37. Rf1 f5 38. Bxc6 Qxc6 39. g4 Qe4 40. h3
Qd4 41. Qxd4 cxd4 42. gxf5 gxf5 43. Rxf5 Nc8 44. Re5 Nd6 45. Re6 Nb5 46. h4 Nc3
47. a3 Kf7 48. Re5 Rb8 49. Rf5+ Kg8 50. Ra5 Kf7 51. Rxa7 Re8 52. Rd7 Nb5 53.
Kg2 Nxa3 54. Rxd4 Nc2 55. Rd8 Rxe7 56. Bxe7 Kxe7 57. h5 Ne3+ 58. Kg1 Ng4 59.
Rg8 Nf6 60. h6 Kf7 61. Rg7+ Kf8 62. Kf2 Ne4+ 63. Ke3 Nd6 64. Rg5 Ke7 65. h7
Nc4+ 66. Kf4 Nb2 67. h8=Q Nd3+ 68. Ke4 Nf4 69. Rg7+ Kd6 70. Qb8+ Kc6 71. Rc7+
Kd6 72. Qb6# {Hossa checkmated} 1-0

[Event "ICS rated blitz match"]
[Site "204.178.125.65"]
[Date "2000.04.16"]
[Round "?"]
[White "Hossa"]
[Black "Amateur"]
[Result "1-0"]
[WhiteElo "2446"]
[BlackElo "2604"]
[PlyCount "97"]
[EventDate "2000.??.??"]

1. e4 e5 2. Nf3 Nc6 3. Nc3 Nf6 4. Nxe5 Nxe5 5. d4 Ng6 6. e5 Ng8 7. Bc4 Bb4 8.
Qf3 Bxc3+ 9. bxc3 f6 10. O-O Qe7 11. exf6 Qxf6 12. Qh5 h6 13. f4 N8e7 14. f5
Qc6 15. Bb3 d5 16. fxg6 Qxc3 17. Qe5 c5 18. Ba3 Qxd4+ 19. Qxd4 cxd4 20. Rae1
Kd8 21. Bxe7+ Kd7 22. Bf8 Rxf8 23. Rxf8 d3 24. cxd3 Kd6 25. Rc1 Kd7 26. Bxd5
Rb8 27. Be4 b6 28. Bf5+ Kd6 29. Bxc8 h5 30. Rf6+ Ke5 31. Rf5+ Kd4 32. Rxh5 Ke3
33. Rc7 b5 34. Rh3+ Kd4 35. Rh8 b4 36. Rd8+ Ke3 37. Rxg7 Rb6 38. Re7+ Kd2 39.
g7 Rg6 40. Bf5 Rg5 41. g8=Q Rxg8 42. Rxg8 b3 43. axb3 Kc3 44. Rc8+ Kb2 45. Rxa7
Kb1 46. d4+ Kb2 47. Kf2 Kxb3 48. Rb7+ Ka2 49. Ra8# {Amateur checkmated} 1-0

[Event "ICS rated blitz match"]
[Site "204.178.125.65"]
[Date "2000.04.16"]
[Round "?"]
[White "Hossa"]
[Black "platz"]
[Result "1-0"]
[WhiteElo "2469"]
[BlackElo "1975"]
[PlyCount "83"]
[EventDate "2000.??.??"]

1. e4 c5 2. Nf3 Nc6 3. d4 cxd4 4. Nxd4 e5 5. Nb5 d6 6. N1c3 a6 7. Na3 Be6 8.
Nc4 Be7 9. Nd5 Bxd5 10. exd5 Nb8 11. Bd2 Nf6 12. Ba5 Qc8 13. Nb6 Qc5 14. Nxa8
Qxa5+ 15. Qd2 Qxd2+ 16. Kxd2 Nxd5 17. c4 Nf6 18. Nc7+ Kd7 19. Nd5 Nc6 20. Ne3
Nd4 21. Bd3 g6 22. Nc2 Ne6 23. Rad1 Rc8 24. g3 Nc5 25. Ne3 Nxd3 26. Kxd3 Ke6
27. a4 Bd8 28. Ke2 Bb6 29. Nd5 Nxd5 30. cxd5+ Kf5 31. f3 Bd4 32. Rc1 Rc5 33.
Rxc5 dxc5 34. Kd3 Kf6 35. a5 Ke7 36. Rb1 Kd6 37. Kc4 f5 38. b4 e4 39. bxc5+
Bxc5 40. fxe4 fxe4 41. Rxb7 e3 42. Rf7 {platz resigns} 1-0

[Event "ICS rated blitz match"]
[Site "204.178.125.65"]
[Date "2000.04.16"]
[Round "?"]
[White "Hossa"]
[Black "PostModernist"]
[Result "1/2-1/2"]
[WhiteElo "2473"]
[BlackElo "2599"]
[PlyCount "256"]
[EventDate "2000.??.??"]

1. e4 c6 2. d4 d5 3. Nc3 dxe4 4. Nxe4 Nd7 5. Ng5 Nb6 6. Bd3 g6 7. N1f3 Bg7 8.
O-O Nh6 9. c3 O-O 10. Ne4 Nf5 11. Ne5 Bxe5 12. dxe5 Qd5 13. Bf4 Nc4 14. Bxc4
Qxe4 15. Qa4 Be6 16. Bb3 Qxa4 17. Bxa4 Rad8 18. Rfd1 f6 19. Bc2 g5 20. Bxf5
Bxf5 21. Be3 b6 22. a4 Bc2 23. Rxd8 Rxd8 24. a5 bxa5 25. h4 Rd5 26. exf6 exf6
27. hxg5 fxg5 28. b4 a4 29. Bxa7 Rd1+ 30. Rxd1 Bxd1 31. Bd4 Bb3 32. Be3 a3 33.
Bc1 a2 34. Bb2 Kf7 35. Kf1 g4 36. Ke2 Bd5 37. g3 Ke6 38. Kd3 Bg2 39. Kc4 Be4
40. Kc5 Kd7 41. c4 Kc7 42. Be5+ Kc8 43. b5 cxb5 44. cxb5 Kb7 45. Kb4 Bf5 46.
Bd4 Bg6 47. Kc5 h6 48. Be5 Be8 49. Ba1 Bf7 50. Bf6 Be6 51. Be5 Bd7 52. Ba1 Bf5
53. Bb2 Be4 54. Be5 Bh7 55. Kb4 Bb1 56. Bc3 Bf5 57. Kc5 Bh7 58. Be5 Kc8 59. Kc6
Be4+ 60. Kb6 Bd3 61. Bd4 Kd7 62. Kc5 Kc7 63. Be5+ Kb7 64. Bf6 Be2 65. Bd4 Bf1
66. Bc3 Be2 67. Bf6 Bf3 68. Bd4 Bh1 69. Ba1 Bg2 70. Bc3 Kc7 71. Be5+ Kd7 72. b6
Kc8 73. Kb5 Kb7 74. Bc3 Be4 75. Bg7 Bc2 76. Bd4 Bf5 77. Ka5 Bd7 78. Bf6 h5 79.
Bc3 Be8 80. Be5 Bg6 81. Kb5 Kc8 82. Ka6 Be4 83. Ka7 Bd5 84. Bg7 Bc6 85. Bd4 Bb7
86. Bc3 Bf3 87. Ba1 Bh1 88. Bb2 Bg2 89. Bf6 Bc6 90. Bg7 Bd5 91. Bh8 Bb7 92. Bd4
Bf3 93. Bc3 Bc6 94. Bf6 Be4 95. Ka6 Kb8 96. Kb5 Kb7 97. Ba1 Bf3 98. Bb2 Bg2 99.
Bd4 Bc6+ 100. Kc5 Bf3 101. Kb5 Bh1 102. Be5 Bd5 103. Kc5 Be6 104. Bc3 Bf7 105.
Bf6 Be8 106. Ba1 Ka6 107. Bb2 Ba4 108. Be5 Kb7 109. Bc3 Bb3 110. Bd4 Bc2 111.
Kb5 Bb1 112. Bf6 Bd3+ 113. Kc5 Be4 114. Kb5 Bc6+ 115. Kc5 Bd7 116. Bg7 Bc8 117.
Bh8 Ka6 118. Kc6 Bf5 119. Be5 Be4+ 120. Kc5 Kb7 121. Bb2 Bf5 122. Be5 Bb1 123.
Ba1 Bg6 124. Kb5 Bf5 125. Ka5 Bh7 126. Bb2 Bg8 127. Bd4 Be6 128. Be5 Bf5
1/2-1/2

[Event "ICS rated blitz match"]
[Site "204.178.125.65"]
[Date "2000.04.16"]
[Round "?"]
[White "PostModernist"]
[Black "Hossa"]
[Result "1-0"]
[WhiteElo "2592"]
[BlackElo "2462"]
[PlyCount "151"]
[EventDate "2000.??.??"]

1. e4 d5 2. exd5 Nf6 3. d4 Bg4 4. Bb5+ Nbd7 5. f3 Bf5 6. c4 e6 7. dxe6 Bxe6 8.
c5 c6 9. Ba4 Qe7 10. Nc3 O-O-O 11. Qe2 Re8 12. Bb3 Nd5 13. Nxd5 cxd5 14. g3 h5
15. Bf4 h4 16. O-O-O hxg3 17. c6 Nb8 18. cxb7+ Qxb7 19. Bxg3 Qc6+ 20. Qc2 Qxc2+
21. Bxc2 Nc6 22. Ne2 Kb7 23. Nf4 g6 24. Kb1 Bg7 25. Bf2 Bh6 26. Nxe6 Rxe6 27.
Bb3 Rd6 28. Bg3 Rdd8 29. Rhe1 Bg5 30. Ba4 Na5 31. Be5 Rh7 32. Re2 f6 33. Bg3
Nc4 34. Re6 Nd2+ 35. Ka1 Nxf3 36. Rd3 Nd2 37. Bc6+ Kc8 38. Rc3 Nc4 39. b3 Bd2
40. Rc2 Be3 41. bxc4 Bxd4+ 42. Kb1 dxc4 43. Rxc4 Be5 44. Rxf6 Rd1+ 45. Kc2 Bxf6
46. Kxd1 a5 47. Be4+ Kd8 48. Bxg6 Rd7+ 49. Ke2 Rg7 50. Be4 Ke8 51. Bc7 a4 52.
Bc6+ Kf8 53. Bd6+ Kf7 54. Bd5+ Ke8 55. Rxa4 Kd7 56. Bf4 Re7+ 57. Kf3 Re1 58.
Ra7+ Kd8 59. Bc7+ Ke8 60. Bd6 Rc1 61. Bf7+ Kd8 62. Be6 Ke8 63. Rf7 Rf1+ 64. Ke4
Re1+ 65. Kf5 Rf1+ 66. Kg6 Be5 67. Bxe5 Rxf7 68. Bxf7+ Kd7 69. Bd5 Ke7 70. a4
Ke8 71. a5 Ke7 72. a6 Ke8 73. a7 Ke7 74. a8=Q Kd7 75. Bc6+ Ke6 76. Qe8# {
Hossa checkmated} 1-0

[Event "ICS rated blitz match"]
[Site "204.178.125.65"]
[Date "2000.04.16"]
[Round "?"]
[White "QueenMaxima"]
[Black "Hossa"]
[Result "0-1"]
[WhiteElo "2453"]
[BlackElo "2452"]
[PlyCount "88"]
[EventDate "2000.??.??"]

1. d4 Nf6 2. c4 d6 3. Nc3 e5 4. g3 exd4 5. Qxd4 Nc6 6. Qd2 Be6 7. e4 Be7 8. Qc2
O-O 9. Bf4 a5 10. O-O-O Nb4 11. Qe2 b5 12. cxb5 Nxa2+ 13. Nxa2 Bxa2 14. Bg2 Bb3
15. Re1 d5 16. exd5 Bb4 17. Bd2 Bxd5 18. Nf3 Re8 19. Qd1 Ne4 20. Bc3 Bxc3 21.
bxc3 Nxc3 22. Qd2 Rxe1+ 23. Rxe1 Nxb5 24. Rd1 c6 25. Qe3 Qf8 26. Re1 c5 27. Ng5
Bxg2 28. Qd3 g6 29. Qxb5 Qd8 30. f4 c4 31. Rd1 Qe7 32. Qxc4 Rb8 33. Rd6 Bf3 34.
Kc2 Bg4 35. Qd5 Bf5+ 36. Kd2 Rb2+ 37. Kc3 Rc2+ 38. Kb3 Rc8 39. Ka4 Qc7 40. Qd4
Rb8 41. Rf6 Qc2+ 42. Kxa5 Qa2+ 43. Qa4 Qd5+ 44. Ka6 Qa8# 0-1

[Event "ICS rated blitz match"]
[Site "204.178.125.65"]
[Date "2000.04.16"]
[Round "?"]
[White "Hossa"]
[Black "QueenMaxima"]
[Result "1-0"]
[WhiteElo "2468"]
[BlackElo "2437"]
[PlyCount "54"]
[EventDate "2000.??.??"]

1. e4 c5 2. Nf3 d6 3. d4 cxd4 4. Nxd4 Nf6 5. Nc3 a6 6. Bg5 e6 7. f4 Be7 8. Qf3
Qc7 9. O-O-O Nbd7 10. g4 b5 11. Bxf6 Nxf6 12. g5 Nd7 13. f5 Nc5 14. f6 gxf6 15.
gxf6 Bf8 16. Rg1 b4 17. Nd5 exd5 18. exd5 Bh6+ 19. Kb1 Kf8 20. Re1 b3 21. Qh5
Be3 22. Rxe3 bxa2+ 23. Ka1 Ne6 24. Rxe6 fxe6 25. Nxe6+ Bxe6 26. dxe6 Ra7 27.
e7+ Qxe7 {QueenMaxima resigns} 1-0

[Event "ICS rated blitz match"]
[Site "204.178.125.65"]
[Date "2000.04.16"]
[Round "?"]
[White "QueenMaxima"]
[Black "Hossa"]
[Result "1/2-1/2"]
[WhiteElo "2422"]
[BlackElo "2483"]
[PlyCount "241"]
[EventDate "2000.??.??"]

1. d4 d5 2. c4 e6 3. Nc3 Nf6 4. Nf3 Be7 5. Bg5 h6 6. Bh4 Nc6 7. e3 g5 8. Bg3
Bb4 9. Ne5 Ne4 10. Nxc6 bxc6 11. Qa4 a5 12. Qxc6+ Bd7 13. Qxc7 Qxc7 14. Bxc7
Nxc3 15. a3 Nb5+ 16. axb4 Nxc7 17. bxa5 dxc4 18. Bxc4 Rb8 19. b3 Bb5 20. O-O
Bxc4 21. bxc4 Kd7 22. Rfc1 h5 23. a6 Rb6 24. a7 Ra8 25. Ra5 f6 26. Rca1 Rb4 27.
c5 Nb5 28. Ra6 Nc3 29. Rd6+ Ke7 30. h3 Ra4 31. Rxa4 Nxa4 32. Ra6 Nc3 33. Ra5
Kd7 34. Kh1 g4 35. Kh2 Ne2 36. Ra6 Ke7 37. Ra3 Kd8 38. hxg4 hxg4 39. g3 Kc8 40.
Ra6 e5 41. d5 Nc3 42. Rxf6 Nxd5 43. Re6 Rxa7 44. Rxe5 Nf6 45. Re6 Rf7 46. Kg2
Kc7 47. Kg1 Nd7 48. c6 Nc5 49. Rg6 Nd3 50. Rxg4 Rxf2 51. Rd4 Rd2 52. Kf1 Kxc6
53. g4 Kc7 54. g5 Rf2+ 55. Kg1 Rc2 56. Rxd3 Rc5 57. g6 Rg5+ 58. Kf2 Rxg6 59. e4
Rf6+ 60. Kg3 Rd6 61. Rxd6 Kxd6 62. Kf4 Ke6 63. e5 Ke7 64. Ke4 Ke6 65. Kd4 Ke7
66. Kd5 Kd7 67. Kd4 Ke8 68. Ke3 Ke7 69. Kd4 Kf8 70. Kd5 Ke7 71. e6 Ke8 72. Kd4
Ke7 73. Ke5 Ke8 74. Ke4 Ke7 75. Kf5 Ke8 76. Ke5 Ke7 77. Ke4 Ke8 78. Kd5 Ke7 79.
Kc5 Ke8 80. Kb6 Ke7 81. Kc6 Ke8 82. Kc7 Ke7 83. Kc8 Ke8 84. Kb8 Ke7 85. Ka8 Ke8
86. Kb7 Ke7 87. Kc7 Ke8 88. Kc6 Ke7 89. Kb6 Ke8 90. Ka6 Ke7 91. Ka7 Ke8 92. Ka8
Ke7 93. Kb8 Ke8 94. Kc8 Ke7 95. Kb7 Ke8 96. Ka7 Ke7 97. Ka6 Ke8 98. Kb5 Ke7 99.
Ka5 Ke8 100. Ka4 Ke7 101. Kb4 Ke8 102. Ka3 Ke7 103. Kb3 Ke8 104. Kb2 Ke7 105.
Kc2 Ke8 106. Kd2 Ke7 107. Ke2 Ke8 108. Ke1 Ke7 109. Kf1 Ke8 110. Kf2 Ke7 111.
Kg2 Ke8 112. Kh2 Ke7 113. Kh3 Ke8 114. Kh4 Ke7 115. Kh5 Ke8 116. Kh6 Ke7 117.
Kh7 Kf8 118. Kh8 Ke7 119. Kg8 Ke8 120. Kg7 Ke7 121. Kh7 1/2-1/2

[Event "ICS rated blitz match"]
[Site "204.178.125.65"]
[Date "2000.04.17"]
[Round "?"]
[White "Hossa"]
[Black "locotitov"]
[Result "0-1"]
[WhiteElo "2480"]
[BlackElo "2299"]
[PlyCount "136"]
[EventDate "2000.??.??"]

1. e4 e5 2. Nf3 Nc6 3. Nc3 Nf6 4. Nxe5 Nxe5 5. d4 Ng6 6. e5 Ng8 7. Bc4 d6 8.
Qf3 Be6 9. Qxb7 Be7 10. Nb5 Rc8 11. Bxe6 fxe6 12. Nxa7 Rb8 13. Qc6+ Qd7 14.
exd6 Bxd6 15. Qxd7+ Kxd7 16. a4 Nf6 17. h4 c6 18. h5 Ne7 19. h6 g6 20. Bg5 Rhf8
21. Rh3 Rb7 22. Rf3 Nf5 23. Bxf6 Rxf6 24. g4 Rxa7 25. gxf5 Rxf5 26. Rxf5 exf5
27. b3 Bf4 28. Ke2 Kd6 29. Rh1 g5 30. Kd3 Rf7 31. c4 g4 32. Rh5 g3 33. fxg3
Bxg3 34. b4 f4 35. c5+ Kc7 36. b5 f3 37. Rh1 f2 38. Ke2 Re7+ 39. Kf3 Re1 40.
Kxg3 Rxh1 41. Kxf2 Rh4 42. Ke3 Rh3+ 43. Kd2 Ra3 44. b6+ Kb7 45. a5 Rxa5 46. Kd3
Ra3+ 47. Ke2 Rh3 48. Kd2 Rxh6 49. Kd3 Rh3+ 50. Ke4 h5 51. Kf4 h4 52. Kg5 Rd3
53. Kf4 Rxd4+ 54. Ke3 Rc4 55. Kd3 Rxc5 56. Ke3 Rf5 57. Kd3 h3 58. Kd4 h2 59.
Kc4 h1=Q 60. Kd3 Qd5+ 61. Ke2 Rf4 62. Ke3 Rf5 63. Ke2 Qe4+ 64. Kd2 Rd5+ 65. Kc3
Qd4+ 66. Kb3 Rb5+ 67. Kc2 Rb2+ 68. Kc1 Qd2# {Hossa checkmated} 0-1

[Event "ICS rated blitz match"]
[Site "204.178.125.65"]
[Date "2000.04.17"]
[Round "?"]
[White "QueenMaxima"]
[Black "Hossa"]
[Result "0-1"]
[WhiteElo "2416"]
[BlackElo "2477"]
[PlyCount "92"]
[EventDate "2000.??.??"]

1. d4 d5 2. c4 e6 3. Nc3 Nf6 4. Nf3 Bb4 5. Bg5 dxc4 6. e4 c5 7. e5 cxd4 8. Qa4+
Nc6 9. O-O-O Bxc3 10. bxc3 h6 11. Nxd4 Bd7 12. Nxc6 hxg5 13. exf6 bxc6 14. fxg7
Rg8 15. Qxc4 Rxg7 16. h4 Rb8 17. Qd4 Rg8 18. h5 Qc7 19. g4 c5 20. Qd2 Qb7 21.
Bd3 Bc6 22. Rhg1 c4 23. Bh7 Rh8 24. Qc2 Rxh7 25. Rd4 Qb5 26. Re1 Rh6 27. Re3
Kf8 28. Rg3 e5 29. Rd2 Rf6 30. Re2 Bf3 31. Re1 Qc5 32. Rxf3 Rxf3 33. Re2 Qa3+
34. Kd1 Rd3+ 35. Rd2 Rxd2+ 36. Qxd2 Rb1+ 37. Ke2 Rb2 38. Qxb2 Qxb2+ 39. Kf3
Qxc3+ 40. Kg2 Qd3 41. h6 c3 42. Kh2 c2 43. h7 Qxh7+ 44. Kg2 c1=Q 45. a4 Qhh1+
46. Kg3 Qf4# 0-1

[Event "ICS rated standard match"]
[Site "204.178.125.65"]
[Date "2000.04.17"]
[Round "?"]
[White "stevesand"]
[Black "Hossa"]
[Result "0-1"]
[WhiteElo "2056"]
[BlackElo "2314"]
[PlyCount "64"]
[EventDate "2000.??.??"]

1. e4 e5 2. Nf3 Nc6 3. Bb5 a6 4. Ba4 Nf6 5. O-O Be7 6. Re1 b5 7. Bb3 d6 8. c3
O-O 9. h3 Bb7 10. d4 Re8 11. Nbd2 Bf8 12. Bc2 g6 13. a3 Bg7 14. Nf1 exd4 15.
cxd4 d5 16. e5 Nd7 17. Bf4 Nf8 18. Qd2 Ne6 19. Bg3 Ne7 20. b4 Nc8 21. Bh4 Qd7
22. Ne3 h5 23. Ng5 Nxg5 24. Bxg5 Nb6 25. g4 Nc4 26. Qd3 Bxe5 27. dxe5 Nxe5 28.
Nxd5 Bxd5 29. Rxe5 Rxe5 30. Bf6 Re6 31. Qc3 Qc6 32. Qb2 Bh1 {stevesand resigns}
0-1

[Event "ICS rated blitz match"]
[Site "204.178.125.65"]
[Date "2000.04.17"]
[Round "?"]
[White "Hossa"]
[Black "locotitov"]
[Result "1-0"]
[WhiteElo "2490"]
[BlackElo "2385"]
[PlyCount "48"]
[EventDate "2000.??.??"]

1. e4 e5 2. Nf3 Nc6 3. Nc3 Nf6 4. Nxe5 Nxe5 5. d4 Ng6 6. e5 Ng8 7. Bc4 d6 8.
Qf3 Be6 9. Qxb7 N8e7 10. Nb5 Rc8 11. Bxe6 fxe6 12. exd6 cxd6 13. Qxa7 Qd7 14.
Qxd7+ Kxd7 15. Kd1 Nd5 16. a4 Be7 17. b3 Rhf8 18. c4 Nb4 19. f3 Bf6 20. Ba3 Nd3
21. Kc2 Ndf4 22. Bxd6 Bxd4 23. Rad1 e5 24. Bxf8 Re8 {locotitov resigns} 1-0

[Event "ICS rated blitz match"]
[Site "204.178.125.65"]
[Date "2000.04.17"]
[Round "?"]
[White "Hossa"]
[Black "locotitov"]
[Result "1/2-1/2"]
[WhiteElo "2498"]
[BlackElo "2332"]
[PlyCount "126"]
[EventDate "2000.??.??"]

1. e4 e5 2. Nf3 Nc6 3. Nc3 Nf6 4. Nxe5 Nxe5 5. d4 Nc6 6. d5 Nb8 7. e5 Ng8 8. d6
f6 9. exf6 Nxf6 10. Qe2+ Be7 11. dxe7 Qxe7 12. Qxe7+ Kxe7 13. Bg5 c6 14. O-O-O
d5 15. Re1+ Kf7 16. Bd3 Be6 17. f4 g6 18. Bxf6 Kxf6 19. Rhf1 Nd7 20. f5 gxf5
21. g4 Rae8 22. gxf5 Bf7 23. Rd1 Nc5 24. Rf4 Nxd3+ 25. Rxd3 Rhg8 26. Rh3 h5 27.
Rhf3 Rg2 28. h3 Re5 29. Nd1 Re1 30. b3 Rgg1 31. Rd3 a5 32. Ra4 b6 33. Rf4 Ref1
34. Rxf1 Rxf1 35. Kb2 Rxf5 36. Nc3 h4 37. Na4 b5 38. Nc5 Bg6 39. Nb7 Rf2 40.
Rc3 Be8 41. Re3 Bg6 42. Rc3 Be8 43. Re3 Bg6 44. Rc3 Bf5 45. Nxa5 Bd7 46. Nxc6
Rh2 47. Nd4 Rxh3 48. Rxh3 Bxh3 49. a4 bxa4 50. Nf3 axb3 51. Kxb3 Bf5 52. Nxh4
Be4 53. c3 Ke5 54. Kb4 Kd6 55. Kb5 Ke5 56. Kb4 Kf4 57. Kc5 Kg4 58. Ng6 Bxg6 59.
Kxd5 Bf7+ 60. Ke5 Kf3 61. Kf6 Ke3 62. Kg5 Kd3 63. Kh4 Kxc3 1/2-1/2

[Event "ICS rated standard match"]
[Site "204.178.125.65"]
[Date "2000.04.17"]
[Round "?"]
[White "Hossa"]
[Black "expert101"]
[Result "1-0"]
[WhiteElo "2320"]
[BlackElo "2112"]
[PlyCount "30"]
[EventDate "2000.??.??"]

1. e4 c6 2. d4 d5 3. Nc3 dxe4 4. Nxe4 Nd7 5. Ng5 Ngf6 6. Bd3 e6 7. N1f3 h6 8.
Nxe6 fxe6 9. Bg6+ Ke7 10. O-O Qc7 11. Re1 Qd6 12. Bd2 Nd5 13. c4 Nf4 14. Ne5
Qxd4 15. Bb4+ Kd8 {expert101 resigns} 1-0

[Event "ICS rated blitz match"]
[Site "204.178.125.65"]
[Date "2000.04.17"]
[Round "?"]
[White "Hossa"]
[Black "Mofongo"]
[Result "0-1"]
[WhiteElo "2495"]
[BlackElo "2772"]
[PlyCount "106"]
[EventDate "2000.??.??"]

1. e4 e6 2. d4 d5 3. Nc3 dxe4 4. Nxe4 Nf6 5. Nxf6+ gxf6 6. Nf3 b6 7. Bc4 Bb7 8.
O-O c5 9. Re1 cxd4 10. Nxd4 Rg8 11. Bb5+ Nd7 12. Bc6 Bxc6 13. Nxc6 Qc7 14. Qf3
Qb7 15. Re3 Rc8 16. Nd4 Qxf3 17. Rxf3 e5 18. Nb5 Rxc2 19. Nxa7 Rg4 20. b3 Bc5
21. Nb5 e4 22. Rf5 e3 23. Rf3 exf2+ 24. Kf1 Re4 25. Bf4 Rce2 26. Re3 R4xe3 27.
Nc7+ Kd8 28. Bxe3 Rxe3 29. Na6 Bd4 30. Rd1 Re4 31. a3 b5 32. Nb4 Kc7 33. Nd3
Ne5 34. Nxf2 Rf4 35. Rd2 Ng4 36. Rxd4 Rxd4 37. Nxg4 Rxg4 38. Kf2 b4 39. a4 Rc4
40. Ke3 Rc3+ 41. Kd4 Kb6 42. g4 Ka5 43. h4 Rxb3 44. g5 Rh3 45. g6 fxg6 46. h5
b3 47. hxg6 hxg6 48. Kd5 b2 49. Ke6 b1=Q 50. Kxf6 Qf5+ 51. Kg7 Kxa4 52. Kg8 Qd7
53. Kf8 Rh8# {Hossa checkmated} 0-1

[Event "ICS rated standard match"]
[Site "204.178.125.65"]
[Date "2000.04.17"]
[Round "?"]
[White "Beastie"]
[Black "Hossa"]
[Result "0-1"]
[WhiteElo "2200"]
[BlackElo "2327"]
[PlyCount "36"]
[EventDate "2000.??.??"]

1. e4 e5 2. Nf3 Nc6 3. Bb5 a6 4. Ba4 Nf6 5. O-O Be7 6. Bxc6 dxc6 7. Nc3 Bg4 8.
h3 Bxf3 9. Qxf3 O-O 10. d3 Re8 11. Qg3 Bb4 12. a3 Bxc3 13. bxc3 Qd6 14. Kh2 Nd7
15. Qg4 Re6 16. Rb1 Rg6 17. Bg5 f6 18. Qd1 fxg5 {Beastie resigns} 0-1